000 00554nam a2200241 a 4500
001 nice12345678
003 IN_TiNIC
005 20260116012333.0
008 050524s1912 beia grp 000 0 ara
020 _a
_c100
082 0 0 _a232.96
_bAYS
100 _aAysa, Abid
245 _aSalib Al-Masih
260 _aBeirut
_bAmeer Kaniya Press
_c1912
300 _a75p
500 _aincludes index and biblioraphy
505 2 _aIndedx
650 _aJesus Christ-Death
700 1 _aAysa, Abid
902 _bSRS
942 _cBK
999 _c6620
_d6620